ბათუმის შოთა რუსთაველის სახელმწიფო უნივერსიტეტის ბიბლიოთეკა

დაბლინ კორ მეტამონაცემების ელემენტთა სიმრავლე, ვერსია 1. საცნობარო აღწერილობა (ბიბ.ჩანაწერი № 52811)

000 -LEADER
fixed length control field 00960nam a2200217Ia 4500
001 - CONTROL NUMBER
control field 19841
003 - CONTROL NUMBER IDENTIFIER
control field GE_BSU
008 - FIXED-LENGTH DATA ELEMENTS--GENERAL INFORMATION
fixed length control field 181216s||||||||xx |||||||||||||| ||und||
040 ## - CATALOGING SOURCE
Transcribing agency GE_BSU
080 ## - UNIVERSAL DECIMAL CLASSIFICATION NUMBER
Universal Decimal Classification number 02
245 ## - TITLE STATEMENT
Title დაბლინ კორ მეტამონაცემების ელემენტთა სიმრავლე, ვერსია 1. საცნობარო აღწერილობა
245 ## - TITLE STATEMENT
Statement of responsibility, etc. ინგლ. თარგმანი თ. ჩხენკელის 2005წ.
260 ## - PUBLICATION, DISTRIBUTION, ETC.
Place of publication, distribution, etc. თბილისი
260 ## - PUBLICATION, DISTRIBUTION, ETC.
Date of publication, distribution, etc. ?
300 ## - PHYSICAL DESCRIPTION
Extent 11გვ.
653 ## - INDEX TERM--UNCONTROLLED
Uncontrolled term ბიბლიოთეკარი
653 ## - INDEX TERM--UNCONTROLLED
Uncontrolled term დაბლინ კორ მეტამონაცემების ელემენტთა სიმრავლე, ვერსია 1. საცნობარო აღწერილობა
653 ## - INDEX TERM--UNCONTROLLED
Uncontrolled term ქსეროქსი
942 ## - ADDED ENTRY ELEMENTS (KOHA)
Koha item type წიგნი
ეგზემპლარები
Withdrawn status Lost status Damaged status Not for loan Date acquired Barcode Date last seen Price effective from Koha item type Public note
        2018-12-17 00430 2018-12-17 2018-12-17 წიგნი ქსეროქსი